Kereskedelmi hitelek a hazai építőipar, mezőgazdaság és nagykereskedelem finanszírozásában

Bibliographic Details
Main Author: Szabó Dóra
Other Authors: Gyulai Dr. László
Format: Thesis
Kulcsszavak:vállalkozásfinanszírozás
kereskedelmi hitel
ágazatok
Online Access:http://dolgozattar.uni-bge.hu/9088

MARC

LEADER 00000nta a2200000 i 4500
001 dolg9088
005 20161216085451.0
008 161216suuuu hu om 000 hun d
040 |a BGE Dolgozattár Repozitórium  |b hun 
041 |a hu 
100 1 |a Szabó Dóra 
245 1 0 |a Kereskedelmi hitelek a hazai építőipar, mezőgazdaság és nagykereskedelem finanszírozásában  |c Szabó Dóra  |h [elektronikus dokumentum] 
695 |a vállalkozásfinanszírozás 
695 |a kereskedelmi hitel 
695 |a ágazatok 
700 1 |a Gyulai Dr. László  |e ths 
856 4 0 |u http://dolgozattar.uni-bge.hu/9088/1/Szakdolgozat_Szab%C3%B3%20D%C3%B3ra.pdf  |z Dokumentum-elérés